| 000 | 00652nam a2200205 a 4500 | ||
|---|---|---|---|
| 008 | |||
| 020 | _a0748353119 (pbk.) | ||
| 049 | _aMAIN | ||
| 090 |
_aHF5681 _bACC |
||
| 245 | 1 | 0 |
_aFinancial management and control : _bACCA paper 2.4 / _c[prepared by] the Chartered Association of Certified Accountants. |
| 260 |
_aLondon : _bFoulks Lynch Limited, _c2002. |
||
| 300 |
_avi, 261 p. ; _c29 cm. |
||
| 440 | _aRevision Series. | ||
| 650 | _aFinancial Management and control. | ||
| 907 |
_a.b10235565 _b12-02-13 _c06-03-07 |
||
| 003 | |||
| 005 | 20230123134413.0 | ||
| 040 | _cNUST | ||
| 942 |
_cBOOKS _kHF5681 _mACC |
||
| 999 |
_c165323 _d165323 |
||